[Event "LSV Turm Lippstadt 1 - Langenfelder SF "]
[Site "NRW-Klasse, Gruppe 1 2012/201"]
[Date "2012.10.21"]
[Round "2.8"]
[White "Wagner, Alexey"]
[Black "Vetter, Herbert"]
[Result "1/2-1/2"]
[WhiteElo "2063"]
[BlackElo "2124"]
[PlyCount "145"]
[EventDate "2012.??.??"]
[WhiteTeam "LSV Turm Lippstadt 1"]
[BlackTeam "Langenfelder SF 1"]

1. d4 Nf6 2. c4 g6 3. Nc3 d5 4. cxd5 Nxd5 5. e4 Nxc3 6. bxc3 c5 7. Bc4 Bg7 8.
Ne2 cxd4 9. cxd4 Nc6 10. Be3 Qa5+ 11. Bd2 Qh5 12. O-O O-O 13. Bc3 b5 14. Bd5
Bb7 15. Qd3 b4 16. Bb2 e6 17. Ng3 Qg5 18. Bxc6 Bxc6 19. Rfc1 Qb5 20. Qb3 Rfd8
21. Rc5 Qb7 22. Qe3 Rac8 23. Rac1 Ba4 24. h3 Rxc5 25. Rxc5 b3 26. axb3 Qxb3 27.
Qxb3 Bxb3 28. Rb5 Bd1 29. Ra5 Rb8 30. Ba1 Rb7 31. Kh2 Bf8 32. Bc3 Bc2 33. Ra2
Bd3 34. Ra1 a6 35. Ra2 Rb3 36. Ba5 Bd6 37. e5 Be7 38. Bd2 Ba3 39. Ba5 Bb2 40.
Bc7 Bxd4 41. Rd2 Bc5 42. Ne2 Bb4 43. Ra2 Rb1 44. Nd4 Rc1 45. Bd6 Bc3 46. Ra4
Ra1 47. Rxa1 Bxa1 48. Nc6 Bb5 49. Na5 Bc3 50. Bc7 Kf8 51. Kg3 Ke7 52. f4 Kd7
53. Bb6 g5 54. fxg5 Bxe5+ 55. Kh4 Bf1 56. g3 Be2 57. Bf2 Bc3 58. Nb3 Kc6 59.
Nd4+ Bxd4 60. Bxd4 a5 61. g4 Kd5 62. Bb2 Kc4 63. Kh5 Bf1 64. h4 Be2 65. Kh6
Bxg4 66. Kxh7 Kd5 67. Kg7 e5 68. Kxf7 e4 69. Bc1 Ke5 70. Kg6 Bd7 71. Kf7 Bg4
72. Kg6 Bd7 73. Kf7 1/2-1/2

[Event "SC Bocholt 1 - SK Münster 2"]
[Site "NRW-Klasse, Gruppe 1 2012/201"]
[Date "2012.10.21"]
[Round "2.1"]
[White "Emunds, Hans Georg"]
[Black "Fuest, Martin"]
[Result "1-0"]
[WhiteElo "2179"]
[BlackElo "2082"]
[PlyCount "23"]
[EventDate "2012.??.??"]
[WhiteTeam "SK Münster 2"]
[BlackTeam "SC Bocholt 1"]

1. e4 d5 2. exd5 Qxd5 3. Nf3 c6 4. d4 Nf6 5. Be2 Bg4 6. O-O e6 7. c4 Qd8 8. Nc3
Be7 9. Be3 Nbd7 10. Ne5 Nxe5 11. dxe5 Qxd1 12. Bxd1 1-0

[Event "SC Bocholt 1 - SK Münster 2"]
[Site "NRW-Klasse, Gruppe 1 2012/201"]
[Date "2012.10.21"]
[Round "2.2"]
[White "Steiner, Karl"]
[Black "Rehfeldt, Frank"]
[Result "1/2-1/2"]
[WhiteElo "1984"]
[BlackElo "2126"]
[PlyCount "71"]
[EventDate "2012.??.??"]
[WhiteTeam "SC Bocholt 1"]
[BlackTeam "SK Münster 2"]

1. Nf3 Nf6 2. c4 c6 3. Nc3 d5 4. cxd5 cxd5 5. d4 e6 6. Bf4 Bd6 7. Bxd6 Qxd6 8.
e3 a6 9. Rc1 O-O 10. Bd3 Nbd7 11. O-O e5 12. dxe5 Nxe5 13. Be2 Rd8 14. Nxe5
Qxe5 15. Qd4 Qxd4 16. exd4 Bd7 17. Bf3 Bc6 18. Rfe1 Re8 19. Kf1 Kf8 20. Rxe8+
Rxe8 21. Re1 Rxe1+ 22. Kxe1 Ke7 23. Kd2 Kd6 24. Ke3 Bd7 25. Kf4 h6 26. h4 Be6
27. a3 Nd7 28. g4 Nb8 29. g5 hxg5+ 30. hxg5 Nc6 31. Ke3 Na5 32. Be2 Bd7 33. Kf4
Nb3 34. Ke3 Na5 35. Kf4 Nb3 36. Ke3 1/2-1/2

[Event "SC Bocholt 1 - SK Münster 2"]
[Site "NRW-Klasse, Gruppe 1 2012/201"]
[Date "2012.10.21"]
[Round "2.3"]
[White "Virnyi, Julius"]
[Black "Liesmann, Karsten"]
[Result "1-0"]
[WhiteElo "2056"]
[BlackElo "1997"]
[PlyCount "49"]
[EventDate "2012.??.??"]
[WhiteTeam "SK Münster 2"]
[BlackTeam "SC Bocholt 1"]

1. d4 d5 2. c4 e6 3. g3 c6 4. Nf3 f5 5. Bg2 Bd6 6. O-O Nf6 7. b3 Qe7 8. Bb2 O-O
9. Nbd2 Bd7 10. Ne1 Be8 11. Nd3 Bh5 12. f3 Nbd7 13. Qc2 Rac8 14. e4 fxe4 15.
fxe4 Ng4 16. e5 Bc7 17. Rae1 Rxf1+ 18. Nxf1 Bg6 19. Qe2 Bxd3 20. Qxd3 Bb6 21.
Qe2 Nh6 22. c5 Nxc5 23. Ba3 Nxb3 24. Bxe7 Nxd4 25. Qd1 1-0

[Event "SC Bocholt 1 - SK Münster 2"]
[Site "NRW-Klasse, Gruppe 1 2012/201"]
[Date "2012.10.21"]
[Round "2.4"]
[White "Gajic, Goran"]
[Black "Kubo, Thomas"]
[Result "1/2-1/2"]
[WhiteElo "1956"]
[BlackElo "2008"]
[PlyCount "61"]
[EventDate "2012.??.??"]
[WhiteTeam "SC Bocholt 1"]
[BlackTeam "SK Münster 2"]

1. d4 e6 2. Nf3 f5 3. Bg5 Nf6 4. e3 d5 5. Nbd2 Bd6 6. c4 c6 7. Qb3 O-O 8. Ne5
Nbd7 9. f4 Qa5 10. O-O-O Bb4 11. Ndf3 Ne4 12. Bh4 Nxe5 13. fxe5 g5 14. a3 Be7
15. Be1 Qc7 16. h4 g4 17. Ng1 Bd7 18. Bd3 c5 19. Bxe4 dxe4 20. dxc5 Bxc5 21.
Kb1 Bc6 22. Bg3 Rfd8 23. Bf4 Rd3 24. Qc2 Rad8 25. Ne2 Qd7 26. Nc3 Rd2 27. Rxd2
Qxd2 28. Rd1 Qxc2+ 29. Kxc2 Rd3 30. Re1 a5 31. g3 1/2-1/2

[Event "SC Bocholt 1 - SK Münster 2"]
[Site "NRW-Klasse, Gruppe 1 2012/201"]
[Date "2012.10.21"]
[Round "2.5"]
[White "Kammers, Heribert"]
[Black "Robeling, Stephan"]
[Result "1/2-1/2"]
[WhiteElo "2054"]
[BlackElo "1897"]
[PlyCount "48"]
[EventDate "2012.??.??"]
[WhiteTeam "SK Münster 2"]
[BlackTeam "SC Bocholt 1"]

1. d4 Nf6 2. Bg5 d5 3. e3 e6 4. c4 Be7 5. Nc3 h6 6. Bf4 a6 7. cxd5 exd5 8. Bd3
c5 9. dxc5 Bxc5 10. Nf3 Nc6 11. O-O O-O 12. Rc1 Ba7 13. Bb1 Bg4 14. h3 Be6 15.
Ne2 Rc8 16. Ned4 Nxd4 17. Nxd4 Rxc1 18. Qxc1 Bxd4 19. exd4 Qb6 20. Bxh6 gxh6
21. Qxh6 Qxd4 22. Qg5+ Kh8 23. Qh6+ Kg8 24. Qg5+ Kh8 1/2-1/2

[Event "SC Bocholt 1 - SK Münster 2"]
[Site "NRW-Klasse, Gruppe 1 2012/201"]
[Date "2012.10.21"]
[Round "2.6"]
[White "Hunhoff, Sebastian"]
[Black "Niermann, Rainer"]
[Result "1-0"]
[WhiteElo "1795"]
[BlackElo "2020"]
[PlyCount "63"]
[EventDate "2012.??.??"]
[WhiteTeam "SC Bocholt 1"]
[BlackTeam "SK Münster 2"]

1. c4 e5 2. Nc3 d6 3. e4 g6 4. g3 Bg7 5. Bg2 Be6 6. h3 Qd7 7. d3 Nc6 8. Nge2
Nge7 9. Be3 Nd4 10. Qd2 Nec6 11. Nd5 Nxe2 12. Qxe2 Nd4 13. Bxd4 exd4 14. O-O
O-O-O 15. Nf4 h5 16. Nxe6 Qxe6 17. b4 h4 18. g4 g5 19. a4 Be5 20. a5 Qf6 21.
Rfb1 Qf4 22. Qc2 Rh6 23. b5 Rf6 24. Ra2 Qh2+ 25. Kf1 Bg3 26. Qa4 Bf4 27. b6
cxb6 28. axb6 a6 29. e5 dxe5 30. Bxb7+ Kxb7 31. Qxa6+ Kc6 32. b7+ 1-0

[Event "SC Bocholt 1 - SK Münster 2"]
[Site "NRW-Klasse, Gruppe 1 2012/201"]
[Date "2012.10.21"]
[Round "2.7"]
[White "Ollech, Dirk"]
[Black "Hunhoff, Andreas"]
[Result "1/2-1/2"]
[WhiteElo "1943"]
[BlackElo "1802"]
[PlyCount "22"]
[EventDate "2012.??.??"]
[WhiteTeam "SK Münster 2"]
[BlackTeam "SC Bocholt 1"]

1. c4 e5 2. g3 Nf6 3. Bg2 d6 4. Nc3 Be7 5. d3 c6 6. Nf3 Bg4 7. O-O Nbd7 8. d4
Bxf3 9. Bxf3 Qb6 10. e3 Qb4 11. Qb3 Qxb3 1/2-1/2

[Event "SC Bocholt 1 - SK Münster 2"]
[Site "NRW-Klasse, Gruppe 1 2012/201"]
[Date "2012.10.21"]
[Round "2.8"]
[White "Wuestnienhaus, Andreas"]
[Black "Fox, Jonas"]
[Result "0-1"]
[WhiteElo "1879"]
[BlackElo "1942"]
[Annotator "Doe,John"]
[PlyCount "50"]
[EventDate "2012.??.??"]
[WhiteTeam "SC Bocholt 1"]
[BlackTeam "SK Münster 2"]

1. d4 Nf6 2. c4 g6 3. Nf3 Bg7 4. Nc3 O-O 5. g3 d6 6. Bg2 Nc6 7. O-O Bg4 8. h3
Bxf3 9. Bxf3 Nd7 10. e3 e5 11. d5 Ne7 12. Bg2 f5 13. Rb1 g5 14. g4 h6 15. gxf5
Nxf5 16. Ne4 Nf6 17. Nxf6+ Rxf6 18. Be4 Nh4 19. b4 $11 Qe7 20. Rb3 Raf8 21. Qg4
Qf7 22. Qg3 h5 23. Ra3 Nf3+ 24. Kg2 g4 25. hxg4 h4 0-1

[Event "SV Hattingen 1 - SV Castrop-Rauxel 1"]
[Site "NRW-Klasse, Gruppe 1 2012/201"]
[Date "2012.10.21"]
[Round "2.2"]
[White "de Vreugt, Dennis"]
[Black "van Eijk, Sander"]
[Result "1-0"]
[WhiteElo "2369"]
[BlackElo "2416"]
[PlyCount "65"]
[EventDate "2012.??.??"]
[WhiteTeam "SV Hattingen 1"]
[BlackTeam "SV Castrop-Rauxel 1"]

1. e4 c5 2. Nf3 a6 3. c4 Nc6 4. d4 cxd4 5. Nxd4 e5 6. Nb3 d6 7. Nc3 Nge7 8. g3
g6 9. h4 Be6 10. h5 Bg7 11. Be3 f5 12. Qd2 O-O 13. hxg6 Nxg6 14. exf5 Bxf5 15.
O-O-O e4 16. Bh3 Nb4 17. Bxf5 Nd3+ 18. Kb1 Rxf5 19. Nd4 Re5 20. f4 Re8 21. f5
Nf8 22. Nd5 Ne5 23. Bg5 Qd7 24. Nf6+ Bxf6 25. Bxf6 Re7 26. Rh5 Kf7 27. Qh6 Ke8
28. Bxe7 Qxe7 29. f6 Qf7 30. Rxe5+ dxe5 31. Nf5 Qg6 32. Nd6+ Kd7 33. Qg7+ 1-0

[Event "SV Hattingen 1 - SV Castrop-Rauxel 1"]
[Site "NRW-Klasse, Gruppe 1 2012/201"]
[Date "2012.10.21"]
[Round "2.3"]
[White "Kusnetsov, Mark"]
[Black "Jonkman, Harmen"]
[Result "1/2-1/2"]
[WhiteElo "2204"]
[BlackElo "2421"]
[PlyCount "83"]
[EventDate "2012.??.??"]
[WhiteTeam "SV Castrop-Rauxel 1"]
[BlackTeam "SV Hattingen 1"]

1. d4 d5 2. Nf3 Nf6 3. c4 dxc4 4. g3 e6 5. Bg2 a6 6. a4 Nc6 7. O-O Na5 8. Nbd2
Nd5 9. Ne5 c3 10. Ndf3 f6 11. Nd3 cxb2 12. Bxb2 Nb4 13. Bc3 Nac6 14. e4 Nxd3
15. Qxd3 Nb4 16. Qc4 a5 17. d5 Ra6 18. Rad1 Bd6 19. dxe6 Qe7 20. Bh3 Rc6 21.
Qb3 Bc5 22. Bd4 b6 23. Bxc5 bxc5 24. Rd7 Bxd7 25. exd7+ Kd8 26. Qc4 Rb6 27. Rd1
Rf8 28. Nd2 f5 29. Nb3 Rd6 30. Rxd6 cxd6 31. Bxf5 Rxf5 32. exf5 Qxd7 33. Nxa5
Kc7 34. Qg8 d5 35. Nb3 Nd3 36. Qa8 Qxf5 37. Qa7+ Kd6 38. f4 Qe4 39. Qxg7 Qe3+
40. Kg2 Nxf4+ 41. gxf4 Qxb3 42. Qe5+ 1/2-1/2

[Event "SV Hattingen 1 - SV Castrop-Rauxel 1"]
[Site "NRW-Klasse, Gruppe 1 2012/201"]
[Date "2012.10.21"]
[Round "2.4"]
[White "Schleining, Zoya"]
[Black "Kartsev, Alexandr"]
[Result "1/2-1/2"]
[WhiteElo "2332"]
[BlackElo "2150"]
[Annotator "Doe,John"]
[PlyCount "84"]
[EventDate "2012.??.??"]
[WhiteTeam "SV Hattingen 1"]
[BlackTeam "SV Castrop-Rauxel 1"]

1. d4 d5 2. c4 c6 3. cxd5 cxd5 4. Bf4 Nc6 5. e3 Nf6 6. Nc3 e6 7. Bd3 Bd6 8.
Bxd6 Qxd6 9. f4 O-O 10. Nf3 a6 11. O-O b5 12. Rc1 Bb7 13. Ne5 Ne7 14. Qf3 Nd7
15. Rc2 f6 16. Qh3 g6 17. Nxd7 Qxd7 18. Rfc1 Rac8 $11 19. Qh4 Kg7 20. Qe1 Qd6
21. Nb1 Rxc2 22. Rxc2 Rc8 23. Rxc8 Nxc8 24. Nd2 Qb6 25. Nb3 Nd6 26. Qb4 Kf7 27.
Qc5 Qxc5 28. Nxc5 Bc8 29. Kf2 Nc4 30. b3 Nd6 31. a4 bxa4 32. bxa4 a5 33. Bb5
Ne4+ 34. Nxe4 dxe4 35. g4 Bb7 36. g5 f5 37. h4 Bd5 38. h5 Ke7 39. h6 Kf7 40.
Ke1 Ke7 41. Kd2 Kf7 42. Kc3 Ke7 1/2-1/2

[Event "SV Hattingen 1 - SV Castrop-Rauxel 1"]
[Site "NRW-Klasse, Gruppe 1 2012/201"]
[Date "2012.10.21"]
[Round "2.5"]
[White "Kartsev, Soel"]
[Black "Bakhmatov, Eduard"]
[Result "1/2-1/2"]
[WhiteElo "2155"]
[BlackElo "2191"]
[PlyCount "35"]
[EventDate "2012.??.??"]
[WhiteTeam "SV Castrop-Rauxel 1"]
[BlackTeam "SV Hattingen 1"]

1. e4 c5 2. Nf3 e6 3. d4 cxd4 4. Nxd4 Nf6 5. Bd3 Nc6 6. Be3 d6 7. O-O Be7 8. c4
O-O 9. Nc3 Ne5 10. Be2 d5 11. cxd5 exd5 12. exd5 Nxd5 13. Nxd5 Qxd5 14. Nf5
Nf3+ 15. Bxf3 Qxf5 16. Qb3 a5 17. Bxb7 Rb8 18. Be4 1/2-1/2

[Event "SV Hattingen 1 - SV Castrop-Rauxel 1"]
[Site "NRW-Klasse, Gruppe 1 2012/201"]
[Date "2012.10.21"]
[Round "2.6"]
[White "Huette, Stefan"]
[Black "Sokalskyy, Oleksandr"]
[Result "1/2-1/2"]
[WhiteElo "1967"]
[BlackElo "2146"]
[Annotator "Doe,John"]
[PlyCount "53"]
[EventDate "2012.??.??"]
[WhiteTeam "SV Hattingen 1"]
[BlackTeam "SV Castrop-Rauxel 1"]

1. d4 Nf6 2. Bf4 c5 3. d5 d6 4. Nc3 g6 5. e4 Bg7 6. Nf3 O-O 7. Be2 Na6 8. O-O
Nc7 9. Nd2 b6 10. a4 Bb7 11. Nb5 a6 12. Nxc7 Qxc7 13. c4 Rfe8 14. Re1 e6 15.
Qc2 e5 16. Be3 $11 Bc8 17. h3 Bd7 18. Qd3 Rab8 19. f4 Qd8 20. fxe5 Rxe5 21. Bf4
Qe7 22. Qg3 Ne8 23. Bd3 Rh5 24. Be2 Re5 25. Bd3 Rh5 26. Be2 Re5 27. Bd3 1/2-1/2

[Event "SV Hattingen 1 - SV Castrop-Rauxel 1"]
[Site "NRW-Klasse, Gruppe 1 2012/201"]
[Date "2012.10.21"]
[Round "2.7"]
[White "Hille, Ralph Ingo"]
[Black "Lindner-Emden, Carsten"]
[Result "1/2-1/2"]
[WhiteElo "2090"]
[BlackElo "1964"]
[PlyCount "28"]
[EventDate "2012.??.??"]
[WhiteTeam "SV Castrop-Rauxel 1"]
[BlackTeam "SV Hattingen 1"]

1. b3 e5 2. Bb2 Nc6 3. e3 f5 4. Bb5 d6 5. Ne2 Bd7 6. O-O Nf6 7. d3 a6 8. Bxc6
Bxc6 9. Nd2 g6 10. Qe1 Bg7 11. f4 O-O 12. Nc4 exf4 13. Nxf4 Re8 14. Qg3 Qe7
1/2-1/2

[Event "Langenfelder SF 1 - SV Dinslaken 1"]
[Site "NRW-Klasse, Gruppe 1 2012/201"]
[Date "2012.11.18"]
[Round "3.1"]
[White "Trella, Thomas"]
[Black "Weber, Peter"]
[Result "1-0"]
[WhiteElo "2373"]
[BlackElo "2189"]
[PlyCount "45"]
[EventDate "2012.??.??"]
[WhiteTeam "SV Dinslaken 1"]
[BlackTeam "Langenfelder SF 1"]

1. Nf3 Nf6 2. c4 g6 3. g3 Bg7 4. Bg2 O-O 5. d4 d6 6. O-O c6 7. Nc3 Qb6 8. h3
Qa6 9. b3 b5 10. cxb5 cxb5 11. b4 Qb6 12. Qd3 a6 13. e4 Bb7 14. Be3 d5 15. Nd2
Nc6 16. e5 Ne8 17. Nxd5 Qd8 18. Nb3 e6 19. Nc5 Nxe5 20. Nxb7 Nxd3 21. Nxd8 Rxd8
22. Ne7+ Kh8 23. Rab1 1-0

[Event "Langenfelder SF 1 - SV Dinslaken 1"]
[Site "NRW-Klasse, Gruppe 1 2012/201"]
[Date "2012.11.18"]
[Round "3.2"]
[White "Rechmann, Peter"]
[Black "Sielecki, Christof"]
[Result "1/2-1/2"]
[WhiteElo "2255"]
[BlackElo "2390"]
[PlyCount "27"]
[EventDate "2012.??.??"]
[WhiteTeam "Langenfelder SF 1"]
[BlackTeam "SV Dinslaken 1"]

1. c4 Nf6 2. Nc3 e6 3. e4 d5 4. e5 d4 5. exf6 dxc3 6. fxg7 cxd2+ 7. Qxd2 Qxd2+
8. Bxd2 Bxg7 9. O-O-O Nc6 10. Ne2 Bd7 11. Bc3 Bxc3 12. Nxc3 Ke7 13. Be2 Rhg8
14. g3 1/2-1/2

[Event "Langenfelder SF 1 - SV Dinslaken 1"]
[Site "NRW-Klasse, Gruppe 1 2012/201"]
[Date "2012.11.18"]
[Round "3.3"]
[White "Kern, Guido"]
[Black "Homuth, Wolfgang"]
[Result "0-1"]
[WhiteElo "2308"]
[BlackElo "2197"]
[PlyCount "114"]
[EventDate "2012.??.??"]
[WhiteTeam "SV Dinslaken 1"]
[BlackTeam "Langenfelder SF 1"]

1. Nf3 d6 2. d4 g6 3. g3 Bg7 4. Bg2 c5 5. O-O cxd4 6. Nxd4 Nf6 7. c4 O-O 8. Nc3
Nbd7 9. b3 h5 10. h3 a6 11. Be3 Qa5 12. Qd2 Kh7 13. Rfd1 Rb8 14. Rab1 Re8 15.
Rdc1 Nf8 16. b4 Qd8 17. Nd5 Bd7 18. Nf3 Nxd5 19. Ng5+ Kg8 20. Bxd5 Ne6 21. Bxe6
Bxe6 22. Nxe6 fxe6 23. Qd3 Kf7 24. Rd1 Qd7 25. Bg5 Rec8 26. c5 d5 27. Rb3 Rd8
28. e4 d4 29. Qc2 e5 30. Kg2 Qe6 31. a4 Rd7 32. Rc1 Rc8 33. Bd2 Rdc7 34. f4 b6
35. Rf3 bxc5 36. fxe5+ Kg8 37. bxc5 Rxc5 38. Qxc5 Rxc5 39. Rxc5 Bxe5 40. Rd5
Bf6 41. Rd8+ Kg7 42. h4 Qxe4 43. a5 Qc6 44. Rb8 Qe4 45. Rd8 Qc2 46. Rf2 Qc6+
47. Kh2 Qc7 48. Ra8 Be5 49. Rff8 Qc2 50. Rf2 Qe4 51. Rxa6 Qxh4+ 52. Kg1 Bxg3
53. Re2 Be5 54. Rg2 Bf6 55. Re6 d3 56. Be3 Kf7 57. Bf2 Qa4 0-1

[Event "Langenfelder SF 1 - SV Dinslaken 1"]
[Site "NRW-Klasse, Gruppe 1 2012/201"]
[Date "2012.11.18"]
[Round "3.4"]
[White "Reinemer, Frank"]
[Black "Mundorf, Johannes"]
[Result "1/2-1/2"]
[WhiteElo "2177"]
[BlackElo "2197"]
[PlyCount "169"]
[EventDate "2012.??.??"]
[WhiteTeam "Langenfelder SF 1"]
[BlackTeam "SV Dinslaken 1"]

1. d4 e6 2. c4 Bb4+ 3. Nc3 b6 4. e3 Bxc3+ 5. bxc3 f5 6. Bd3 Bb7 7. Nf3 Nf6 8.
O-O O-O 9. Nd2 d6 10. Qc2 Nbd7 11. Re1 h6 12. f4 Ng4 13. h3 Qh4 14. Re2 Ngf6
15. Rf2 g5 16. Nf1 Ne4 17. Bxe4 Bxe4 18. Qd1 Nf6 19. Bd2 Rf7 20. Be1 Rg7 21.
Rd2 Qh5 22. Qxh5 Nxh5 23. fxg5 hxg5 24. c5 g4 25. hxg4 Rxg4 26. cxd6 cxd6 27.
g3 Bd5 28. Rh2 Nf6 29. Rh4 Kf7 30. Rh2 Rg7 31. Rb1 Ne4 32. Rbb2 Rc8 33. Rbc2
Bc4 34. Rhg2 Bd3 35. Rb2 Ng5 36. Nd2 Rxc3 37. Rb3 Rxb3 38. axb3 Nh3+ 39. Kh1
Ba6 40. Rh2 Bb7+ 41. e4 Ng5 42. Kg1 Bxe4 43. Kf2 Bd5 44. Ke3 Rh7 45. Rh4 Kf6
46. g4 fxg4 47. Rxh7 Nxh7 48. Kf4 e5+ 49. dxe5+ dxe5+ 50. Kxg4 Nf8 51. b4 Ng6
52. Bg3 Ne7 53. Nf1 Nf5 54. Bf2 Ke6 55. Ne3 Nxe3+ 56. Bxe3 a5 57. bxa5 bxa5 58.
Kg3 Bc6 59. Kf2 Kd5 60. Ke2 Kc4 61. Kd2 Kb3 62. Kc1 Ka2 63. Kc2 a4 64. Bc5 Bb5
65. Kc3 Bd7 66. Bd6 e4 67. Bc5 Kb1 68. Kd4 Bf5 69. Kc3 Ka2 70. Kb4 Bd7 71. Kc3
Bb5 72. Kb4 Bc6 73. Kc3 a3 74. Kb4 Bd7 75. Be3 Bg4 76. Bc5 Bd1 77. Be3 Bc2 78.
Bc5 Kb2 79. Bd4+ Ka2 80. Bc5 Kb2 81. Bd4+ Kc1 82. Kxa3 Kd2 83. Kb2 e3 84. Bxe3+
Kxe3 85. Kxc2 1/2-1/2

[Event "Langenfelder SF 1 - SV Dinslaken 1"]
[Site "NRW-Klasse, Gruppe 1 2012/201"]
[Date "2012.11.18"]
[Round "3.5"]
[White "Cebulla, Konstantin"]
[Black "Huelsmann, Josef"]
[Result "1-0"]
[WhiteElo "2103"]
[BlackElo "2128"]
[PlyCount "125"]
[EventDate "2012.??.??"]
[WhiteTeam "SV Dinslaken 1"]
[BlackTeam "Langenfelder SF 1"]

1. d4 e6 2. c4 d5 3. Nf3 c6 4. Qc2 f5 5. Bf4 Nf6 6. Nc3 Be7 7. e3 O-O 8. Bd3
Bd7 9. Ne5 Kh8 10. h3 Be8 11. g4 g6 12. O-O-O Nbd7 13. f3 Rc8 14. c5 Ng8 15. h4
Bf6 16. Nxd7 Qxd7 17. g5 Bg7 18. Bd6 Ne7 19. f4 Rg8 20. Be2 h5 21. gxh6 Bxh6
22. Nb1 b6 23. b4 a5 24. bxa5 bxa5 25. Nd2 e5 26. Bxe5+ Bg7 27. Nf3 Qb7 28. Kd2
Qb4+ 29. Qc3 Qa4 30. Qb3 Qxb3 31. axb3 Ra8 32. Ra1 Bxe5 33. Nxe5 Rg7 34. Ra4
Ng8 35. Rha1 Rb8 36. Kc3 Rgb7 37. R1a3 Nf6 38. Bf3 Rh7 39. Rxa5 Rxh4 40. Ra8
Rxa8 41. Rxa8 Kg7 42. Ra1 Rh3 43. Re1 Rg3 44. Kd3 Rh3 45. Re2 Rg3 46. Rg2 Rxg2
47. Bxg2 Kf8 48. Bf3 Ke7 49. Kc3 Kd8 50. Kb4 Kc7 51. Ka5 Kb7 52. b4 Ka7 53. Nd3
Ng4 54. b5 Nxe3 55. b6+ Kb7 56. Kb4 Nf1 57. Kc3 Ng3 58. Kd2 Nh5 59. Bxh5 gxh5
60. Ke3 Bd7 61. Ne5 Bc8 62. Kf2 h4 63. Kg2 1-0

[Event "Langenfelder SF 1 - SV Dinslaken 1"]
[Site "NRW-Klasse, Gruppe 1 2012/201"]
[Date "2012.11.18"]
[Round "3.6"]
[White "Vogelmann, Peter"]
[Black "Neuer, Thomas"]
[Result "1/2-1/2"]
[WhiteElo "2169"]
[BlackElo "2041"]
[PlyCount "41"]
[EventDate "2012.??.??"]
[WhiteTeam "Langenfelder SF 1"]
[BlackTeam "SV Dinslaken 1"]

1. e4 e6 2. Nf3 d5 3. Nc3 Nf6 4. e5 Nfd7 5. d4 c5 6. dxc5 Nc6 7. Bf4 Bxc5 8.
Bd3 f6 9. exf6 Qxf6 10. Bg5 Qf7 11. Bh4 Nde5 12. Nxe5 Nxe5 13. O-O O-O 14. Bg3
Nxd3 15. Qxd3 Bd7 16. Rae1 Qf5 17. a3 Qxd3 18. cxd3 Rac8 19. Be5 a5 20. Re2 b5
21. Na2 1/2-1/2

[Event "Langenfelder SF 1 - SV Dinslaken 1"]
[Site "NRW-Klasse, Gruppe 1 2012/201"]
[Date "2012.11.18"]
[Round "3.7"]
[White "Ossig, Rainer"]
[Black "Deppe, Arne"]
[Result "1-0"]
[WhiteElo "2068"]
[BlackElo "2113"]
[PlyCount "87"]
[EventDate "2012.??.??"]
[WhiteTeam "SV Dinslaken 1"]
[BlackTeam "Langenfelder SF 1"]

1. Nf3 Nf6 2. g3 d6 3. d4 Nbd7 4. Bg2 e5 5. O-O Be7 6. c4 O-O 7. Nc3 c6 8. Qc2
Re8 9. Rd1 Qc7 10. Rb1 a5 11. b3 Bf8 12. Bb2 Rb8 13. Rbc1 g6 14. c5 e4 15. cxd6
Qxd6 16. Ne5 e3 17. f4 Nb6 18. Qd3 Nbd5 19. Qc4 Be6 20. Qa4 b5 21. Qxa5 Ra8 22.
Nxd5 Nxd5 23. Qe1 Rec8 24. a3 f6 25. Nd3 Ne7 26. Nc5 Bd5 27. Qf1 Bxg2 28. Qxg2
Nd5 29. Rc2 Ra7 30. Rdc1 b4 31. a4 Nc3 32. Ne4 Nxe4 33. Qxe4 Re7 34. Qf3 Qe6
35. d5 Qe4 36. Qxe4 Rxe4 37. Rxc6 Rd8 38. Rd1 f5 39. Be5 g5 40. Kg2 gxf4 41.
gxf4 Bg7 42. Bxg7 Kxg7 43. Kf3 Kf7 44. Rd3 1-0

[Event "Langenfelder SF 1 - SV Dinslaken 1"]
[Site "NRW-Klasse, Gruppe 1 2012/201"]
[Date "2012.11.18"]
[Round "3.8"]
[White "Weber, Franz-Josef"]
[Black "Wokrina, Andre"]
[Result "1-0"]
[WhiteElo "1989"]
[BlackElo "1988"]
[PlyCount "83"]
[EventDate "2012.??.??"]
[WhiteTeam "Langenfelder SF 1"]
[BlackTeam "SV Dinslaken 1"]

1. e4 e6 2. d4 d5 3. e5 c5 4. c3 Nc6 5. Nf3 Bd7 6. a3 Nge7 7. dxc5 Ng6 8. b4
Ncxe5 9. Nbd2 b6 10. Nxe5 Nxe5 11. f4 Ng6 12. f5 exf5 13. Qf3 Be7 14. cxb6 O-O
15. b7 Re8 16. Be2 Rb8 17. O-O Be6 18. Nb3 d4 19. Nxd4 Bd5 20. Qf2 Bf6 21. Bb5
Re4 22. Nc6 Bxc6 23. Bxc6 Rc4 24. Bf3 Rxc3 25. Rd1 Rd3 26. Bb2 Bxb2 27. Rxd3
Qxd3 28. Qxb2 Nh4 29. Bc6 Qd6 30. b5 Ng6 31. Qb4 Qe5 32. Re1 Qc7 33. Qd4 Qa5
34. Rd1 Qxa3 35. Qd8+ Rxd8 36. Rxd8+ Nf8 37. b8=Q Qe3+ 38. Kf1 Qc1+ 39. Ke2
Qc4+ 40. Ke3 Qc1+ 41. Kf2 Qb2+ 42. Kg3 1-0

[Event "SG Bochum 2 - SV Hattingen 1"]
[Site "NRW-Klasse, Gruppe 1 2012/201"]
[Date "2012.11.18"]
[Round "3.1"]
[White "Stohl, Igor"]
[Black "Dahm, Jochen"]
[Result "1-0"]
[WhiteElo "2481"]
[BlackElo "2297"]
[PlyCount "57"]
[EventDate "2012.??.??"]
[WhiteTeam "SV Hattingen 1"]
[BlackTeam "SG Bochum 2"]

1. Nf3 Nf6 2. c4 c5 3. Nc3 Nc6 4. g3 g6 5. Bg2 Bg7 6. d4 cxd4 7. Nxd4 Nxd4 8.
Qxd4 d6 9. O-O O-O 10. Qd3 Be6 11. Bd2 Nd7 12. b3 Nc5 13. Qc2 Bf5 14. e4 Bd7
15. Rad1 Rc8 16. Be3 b5 17. Nxb5 Bxb5 18. cxb5 Qa5 19. Qe2 a6 20. bxa6 Nxa6 21.
e5 Nb4 22. exd6 exd6 23. a4 Rc3 24. Qb5 Qxb5 25. axb5 Rb8 26. Rxd6 Bf8 27. Rd7
Rxb3 28. b6 Rc3 29. b7 1-0

[Event "SG Bochum 2 - SV Hattingen 1"]
[Site "NRW-Klasse, Gruppe 1 2012/201"]
[Date "2012.11.18"]
[Round "3.2"]
[White "Tkachuk, Konstantyn"]
[Black "Jonkman, Harmen"]
[Result "0-1"]
[WhiteElo "2236"]
[BlackElo "2421"]
[PlyCount "76"]
[EventDate "2012.??.??"]
[WhiteTeam "SG Bochum 2"]
[BlackTeam "SV Hattingen 1"]

1. e4 e5 2. Nf3 Nc6 3. Bc4 Bc5 4. b4 Bxb4 5. c3 Ba5 6. d4 Bb6 7. O-O h6 8. Ba3
Nge7 9. Nxe5 Nxe5 10. dxe5 O-O 11. Kh1 c5 12. Qd6 Nc6 13. Bxc5 Bxc5 14. Qxc5
Qc7 15. f4 b6 16. Qd6 Qxd6 17. exd6 Bb7 18. Nd2 Rac8 19. Rac1 Na5 20. Bd3 f6
21. Kg1 Rfe8 22. Rfe1 Rc6 23. e5 fxe5 24. fxe5 Rc5 25. Nb3 Rcxe5 26. Nxa5 Rxe1+
27. Rxe1 Rxe1+ 28. Kf2 Rd1 29. Be2 Rxd6 30. Nxb7 Rc6 31. c4 Kf8 32. Ke3 Re6+
33. Kd3 Ke7 34. Bf3 d6 35. a4 Re5 36. Bc6 Rf5 37. Be4 Rh5 38. h3 Kd7 0-1

[Event "SG Bochum 2 - SV Hattingen 1"]
[Site "NRW-Klasse, Gruppe 1 2012/201"]
[Date "2012.11.18"]
[Round "3.3"]
[White "Schleining, Zoya"]
[Black "Kitte, Sebastian"]
[Result "1-0"]
[WhiteElo "2332"]
[BlackElo "2244"]
[PlyCount "99"]
[EventDate "2012.??.??"]
[WhiteTeam "SV Hattingen 1"]
[BlackTeam "SG Bochum 2"]

1. Nf3 c5 2. g3 g6 3. c3 Nf6 4. d4 b6 5. Bg5 Bb7 6. Bxf6 exf6 7. Bg2 Bg7 8. O-O
O-O 9. Na3 d6 10. Qa4 Qe7 11. e3 Bc6 12. Qb3 Qb7 13. Nh4 Bxg2 14. Nxg2 Nc6 15.
Qd5 Rad8 16. Rfd1 Rfe8 17. Rd2 Qc8 18. Qf3 cxd4 19. cxd4 Nb4 20. Nb5 Qc4 21.
Nc3 d5 22. Qd1 Nc6 23. Rc1 Ne7 24. Nf4 Qa6 25. Qb3 Qb7 26. Rdc2 Bh6 27. Nce2
Bxf4 28. Nxf4 Rd7 29. Rc3 Kg7 30. Qc2 Qa6 31. a4 Rdd8 32. Qb3 Rc8 33. Nxd5 Nxd5
34. Qxd5 Rxc3 35. Rxc3 Qxa4 36. Rc7 Rf8 37. b3 Qa2 38. g4 Qb1+ 39. Kg2 Qd1 40.
h3 a5 41. Rc6 Qb1 42. Rxf6 b5 43. Rb6 b4 44. Ra6 Rc8 45. Ra7 Rf8 46. Rxa5 Qd3
47. Rb5 Qd2 48. Qc4 h5 49. gxh5 Rg8 50. h6+ 1-0